Statistics for Countries with the Biggest Philippino Populations Outside of the Philippines

Click here to take the quiz!

General Stats

  • This quiz has been taken 620 times
    (468 since last reset)
  • The average score is 19 of 31

Answer Stats

HintAnswer% Correct
3,535,676United States
99%
182,917Japan
95%
230,785China
94%
721,578Canada
91%
218,126United Kingdom
84%
397,982Australia
83%
1,028,802Saudi Arabia
82%
48,018France
80%
793,580Malaysia
78%
271,946Italy
77%
59,839South Korea
77%
42,804Spain
76%
203,243SIngapore
74%
822,410UAE
71%
47,214Germany
70%
39,091New Zealand
65%
89,195Taiwan
65%
204,550Qatar
64%
198,289Kuwait
57%
36,400Israel
46%
72,083Bahrain
45%
55,590Oman
41%
21,789Netherlands
38%
61,716Greece
37%
20,910Switzerland
37%
32,765Brunei
36%
18,088Norway
33%
29,766Jordan
31%
29,113Lebanon
30%
26,153Papua New Guinea
11%
19,948Cyprus
8%

Score Distribution

Percentile by Number Answered

Percent of People with Each Score

Your Score History

You have not taken this quiz since the last reset